Політологія (Запис № 309943)

МАРК-запис
000 -Лідер
fixed length control field 00675nam a22002537a 4500
003 - Ідентифікатор контрольного номера
control field UA-OsUOA
001 - Контрольний номер
control field 23688
007 - Фіксоване поле фізичного опису
fixed length control field ta
008 - Елементи даних фіксованої довжини – загальна інформація
fixed length control field 20040128b un ||||| |||| 00| 0 ukr d
090 ## - Локальний шифр розміщення
Класифікаційний індекс УДК 32(075.8)
Авторський знак (НП) П50
040 ## - Джерело каталогізації
Агенція оригінальної каталогізації UA-OsUOA
Мова каталогізації ukr
Агенція, яка здійснювала перезапис UA-OsUOA
Агенція, яка здійснювала модифікацію UA-OsUOA
041 ## - Код мови
Код мови тексту/ звукової доріжки чи окремого заголовка (П) ukr
080 ## - Індекс Універсальної десяткової класифікації
Індекс Універсальної десяткової класифікації (УДК) (НП) 32(075.8)
020 ## - Міжнародний стандартний книжковий номер (ISBN)
Міжнародний стандартний книжковий номер (ISBN) (НП) 966-580-097-3
044 ## - Код країни видавця/ виробника
Код країни видавця/ виробника (П) UA
245 ## - Відомості про назву
Назва (НП) Політологія
Решта назви (НП) Підручник
Дані про відповідальність (НП) Ред. О.В.Бабкіна В.П.Горбатенко
260 ## - Публікація, розповсюдження і т.п. (Вихідні дані)
Місце публікації, розповсюдження і т.п. (П) Київ
Ім’я/ наймення видавництва, розповсюджувача і т.п. (П) ВЦ"Академія"
Дата публікації, розповсюдження і т.п. (П) 2001
250 ## - Відомості про видання (редакцію)
-- 2-е вид., випр. и доп.
300 ## - Фізичний опис
Обсяг 528 с.
650 #7 - Додаткове предметне введення – тематичний термін
Джерело заголовка чи терміна UDC
942 ## - Додаткові елементи входу (Коха)
Тип елемента Koha Книги
955 ## - Код типу видання за змістом
Код типу видання за змістом (НП) інше
Фонди
Стан вилучень Стан втрат Джерело класифікації або схеми стелажів Стан уражень Не для кредиту Постійне місце розташування Поточне розміщення Дата придбання Інвентарний номер Усього замовленно Загальна кількість оновлень Повний номер виклику Штрих-код Дата останнього перегляду Дата останньої перевірки Ціна ефективна від Тип елемента Koha Вартість, звичайна ціна покупки
    Universal Decimal Classification     АБ - Абонемент НБ АБ - Абонемент НБ 28/08/2012 56966 1 1 32(075.8) П50 56966 22/11/2021 22/07/2019 28/01/2004 Книги  
Withdrawn   Universal Decimal Classification     ЧЗ - Читальна зала ЧЗ - Читальна зала 28/01/2004 64427     32(075.8) П50 64427 13/07/2019   28/01/2004 Книги 1.00
    Universal Decimal Classification     ЧЗ - Читальна зала ЧЗ - Читальна зала 28/01/2004 64428     32(075.8) П50 64428 22/11/2021   28/01/2004 Книги 2.00
    Universal Decimal Classification     ЧЗ - Читальна зала ЧЗ - Читальна зала 09/06/2004 79368 1   32(075.8) П50 79368 22/11/2021 13/09/2019 28/01/2004 Книги 4.00